Principales conjonctions de coordination/subordination Latin Version - Statistiques

Statistiques générales
  • Ce quiz a été pris 9 fois
  • Le résultat moyen est 19 sur 44
Statistiques - réponses
Hint Réponse % Correct
enim car/en effet
100%
igitur donc
100%
nam en effet/car
100%
cum+Ind quand
100%
ubi quand
100%
ut quand/lorsque
100%
tum, tunc alors
67%
quippe bien sûr/oui
67%
mox bientôt
67%
itaque c'est pourquoi
67%
quare c'est pourquoi
67%
-quamobrem c'est pourquoi
67%
propter+Acc à cause de
33%
proinde ainsi donc
33%
postquam après que
33%
adeo... ut à tel point... que
33%
hodie aujourd'hui
33%
statim aussitôt
33%
antequam avant que
33%
cum+subj comme
33%
cum + subj comme/alors que
33%
cras demain
33%
ubi primum dès que
33%
ita/sic ... ut de telle sorte que
33%
etenim et de fait
33%
namque et en effet
33%
heri hier
33%
non quin (+subj)... sed quod non que mais parce que
33%
quia parce que
33%
ergo par conséquent
33%
ideo pour cela
33%
quod puisque
33%
quoniam puisque
33%
quando puisque
33%
quandoquidem puisque
33%
tam... ut tellement... que
33%
is, ea, id ... ut tel... que
33%
ut+ind vu que
33%
tandem à la fin
0%
jam désormais
0%
quandoque du moment que
0%
Denique enfin
0%
nemo est quin ... il n'y a personne qui ne ...
0%
aliquando un jour
0%
Aucun quiz correspondant
Distribution des résultats
% des personnes avec chaque résultat
Percentile par nombre de réponses
Votre historique - résultats
Vous n’avez pas pris ce quiz